নাৰীবাদ :তত্ত্ব আৰু প্ৰয়োগ​( Feminism : Theory And Practice) (Record no. 16425)

MARC details
000 -LEADER
fixed length control field 00583nam a22001937a 4500
008 - FIXED-LENGTH DATA ELEMENTS--GENERAL INFORMATION
fixed length control field 260423b |||||||| |||| 00| 0 eng d
020 ## - INTERNATIONAL STANDARD BOOK NUMBER
International Standard Book Number 9789358491753
Price 220.00
040 ## - CATALOGING SOURCE
Original Cataloguing agency Sibsagar Commerce College Central Library
041 ## - LANGUAGE CODE
Language code of text/sound track or separate title Assamese
082 ## - DEWEY DECIMAL CLASSIFICATION NUMBER
Classification number 305.42
Book Number DAS.
100 ## - MAIN ENTRY--PERSONAL NAME
Personal name Das, Deepan.
Dates associated with a name Das, Baikuntha.
245 ## - TITLE STATEMENT
Title নাৰীবাদ :তত্ত্ব আৰু প্ৰয়োগ​( Feminism : Theory And Practice)
Statement of responsibility, etc. By Deepan Das.
250 ## - EDITION STATEMENT
Edition statement 1st ed.
260 ## - PUBLICATION, DISTRIBUTION, ETC.
Place of publication, distribution, etc. Dibrugarh:
Name of publisher, distributor, etc. Banalata;
Date of publication, distribution, etc. 2025.
300 ## - PHYSICAL DESCRIPTION
Pages 248p.
650 ## - Subject
Subject Political Science
942 ## - ADDED ENTRY ELEMENTS (KOHA)
Source of classification or shelving scheme Dewey Decimal Classification
Koha item type Books
Holdings
Withdrawn status Lost status Source of classification or shelving scheme Damaged status Not for loan Collection code Home library Current library Shelving location Date acquired Source of acquisition Total Checkouts Full call number Barcode Date last seen Copy number Cost, replacement price Price effective from Koha item type
    Dewey Decimal Classification     Political Science Sibsagar Commerce College Central Library Sibsagar Commerce College Central Library General Stacks 23/04/2026 Kitap Ghar   305.42 DAS. 29269 23/04/2026 1 440.00 23/04/2026 Books
    Dewey Decimal Classification     Political Science Sibsagar Commerce College Central Library Sibsagar Commerce College Central Library General Stacks 23/04/2026 Kitap Ghar   305.42 DAS. 29270 23/04/2026 2 440.00 23/04/2026 Books
    Dewey Decimal Classification     Political Science Sibsagar Commerce College Central Library Sibsagar Commerce College Central Library General Stacks 23/04/2026 Kitap Ghar   305.42 DAS. 29271 23/04/2026 3 440.00 23/04/2026 Books
    Dewey Decimal Classification     Political Science Sibsagar Commerce College Central Library Sibsagar Commerce College Central Library General Stacks 23/04/2026 Kitap Ghar   305.42 DAS. 29272 23/04/2026 4 440.00 23/04/2026 Books


Sibsagar Commerce College © 2020. All rights reserved.
Powered by Koha.
Hosted by LIBKART.